Normal view
MARC view
- Muhammad Farooq Bajwa
Entry Personal Name
001 - CONTROL NUMBER
- control field: 47678
003 - CONTROL NUMBER IDENTIFIER
- control field: NUST
005 - DATE AND TIME OF LATEST TRANSACTION
- control field: 20210314133900.0
008 - FIXED-LENGTH DATA ELEMENTS
- fixed length control field: 210314|| aca||aabn | a|a d
040 ## - CATALOGING SOURCE
- Original cataloging agency: NUST
- Transcribing agency: NUST
100 ## - HEADING--PERSONAL NAME
- Personal name: Muhammad Farooq Bajwa
670 ## - SOURCE DATA FOUND
- Source citation: Work cat.: (NUST): Muhammad Farooq Bajwa., Parking and traffic management plan (P&TMP) of rawalpindi saddar(central business district)/, 2014.
